| 000 | 00871nmm a2200253 a 4500 | ||
|---|---|---|---|
| 003 | AR-X00000XY | ||
| 005 | 20251128211911.0 | ||
| 008 | 067020s2003 ||||||||||||||000 | spa|| | ||
| 040 | _cAR-X00000XY | ||
| 111 | 2 |
_aCátedra Anual de Historia Ernesto Restrepo Tirado _n6 _d2001 _cBogotá, Colombia |
|
| 245 | 1 | 0 |
_a150 años de la abolición de la esclavización en Colombia _bdesde la marginalidad a la construcción de la nación : |
| 246 | 1 | _aCiento cincuenta años de la abolición de la esclavización en Colombia | |
| 260 |
_aBogotá _bAguilar _c2003 |
||
| 300 | 0 |
_a801 p. _bil. |
|
| 500 | 0 | _aDonación de la Embajada de Colombia en Buenos Aires | |
| 650 | 4 | _aESCLAVITUD | |
| 650 | 4 | _aESTUDIOS SOCIALES | |
| 650 | 4 | _aMARGINALIDAD SOCIAL | |
| 650 | 4 | _aCONFERENCIAS | |
| 651 | 4 | _aColombia | |
| 653 | 0 | _aHISTORIA COLOMBIANA | |
| 942 | _cBK | ||
| 998 | _cNancy | ||
| 999 |
_c21538 _d21538 |
||